00951nam a2200241 a 450000100100000000500170001000800410002704000250006804100390009308200130013210000260014524000560017124501270022726000370035430000280039153400650041950000220048470000250050670000350053104900090056695201170057599900170069200002540620200930023751.0110215s1979 mx a r 001 0 spa d aDO-SdBNPbspacBNPHU17aspaheng2Código de idiomas MARC ann*bnn*1 aBarrett, M. A.95200710aMilk and beef production in the tropics.lEspañol10aProducción lechera y de carne de res en los tropicos /cM. A. Barrett y P. J. Larkin ; traducción de Agustín Contin. aMéxico, D. F. :bDiana,c1979. a301 p. :bil. ;c21 cm. aTítulo original :tMilk and beef production in the tropics aIncluye índice.1 aLarkin, P. J.9520081 aContin, Agustín,etr.945783 aBNGR 001054708MOaGRbGRcCTd2011-02-15iLF1l0onn* nn*p25406-10r2020-06-25w2020-06-25y4ZPréstamo en sala c24898d24898